Záujem je o komerčné budovy vo vyššom štandarde

Stav, keď inflácia klesá, praje maloobchodu. V opačnom prípade sú spotrebitelia v útratách opatrnejší a pri navštevovaní nákupných centier. Makroekonomická situácia tiež vplýva na výstavbu a obsadenosť logistických a kancelárskych nehnuteľností. Trh komerčných nehnuteľností zostáva stabilný, pričom...

Descrizione completa

Salvato in:
Dettagli Bibliografici
Natura: Capitolo di libro
Lingua:slovacco
Soggetti:
Tags: Aggiungi Tag
Nessun Tag, puoi essere il primo ad aggiungerne!!

MARC

LEADER 00000naa a2200000 4500
001 0304570
005 20241014090001.4
041 0 |a slo 
044 |a SK 
245 1 0 |a Záujem je o komerčné budovy vo vyššom štandarde 
520 |a Stav, keď inflácia klesá, praje maloobchodu. V opačnom prípade sú spotrebitelia v útratách opatrnejší a pri navštevovaní nákupných centier. Makroekonomická situácia tiež vplýva na výstavbu a obsadenosť logistických a kancelárskych nehnuteľností. Trh komerčných nehnuteľností zostáva stabilný, pričom záujem je o budovy vo vyššom štandarde. 
610 2 0 |a trh realitný 
610 2 0 |a nehnuteľnosti 
610 2 0 |a kancelárie 
610 2 0 |a centrá nákupné 
610 2 0 |a nájomcovia